| 000 | 02862nam0a2200433 4500 | ||
|---|---|---|---|
| 001 | RU\NLR\BIBL_A\012559213 | ||
| 005 | 20211223125932.0 | ||
| 010 |
_a978-5-502-01385-7 _915 |
||
| 021 |
_aRU _bКН-П-21-012987 _9КН-П-21-1049 |
||
| 035 | _a(NLR Aleph) 012559213 | ||
| 090 |
_a12455403 _c12455403 |
||
| 100 | _a20210706d2020 u y0rusy50 ca | ||
| 101 | 0 | _arus | |
| 102 | _aRU | ||
| 105 | _a |||j|||000zy | ||
| 181 | 0 |
_ai3 _baxxe |
|
| 182 | 0 | _an | |
| 200 | 1 |
_aСистемная инженерия _eучебное пособие для обучения по дисциплине "Системная инженерия" _fА.А. Иванов, Н.Д. Иванова, Н.Я. Леонтьев [и др.] _gМинистерство науки и высшего образования Российской Федерации, Федеральное государственное бюджетное образовательное учреждение высшего образования "Нижегородский государственный технический университет им. Р.Е. Алексеева" |
|
| 203 |
_aТекст _bвизуальный _cнепосредственный |
||
| 210 |
_aНижний Новгород _cНижегородский государственный технический университет им. Р.Е. Алексеева _d2020 |
||
| 215 |
_a98, [1] с. _cил., табл. _d20 |
||
| 300 | _aАвт. указаны на обороте тит. с. | ||
| 300 | _aНа обл.: АСЭ Росатом | ||
| 313 | _aСистемная инженерия в атомной отрасле (АО ИК "АСЭ"). | ||
| 320 | _aБиблиогр.: с. 94-95 (28 назв.) | ||
| 606 | 1 |
_aСистемная инженерия _jУчебные издания для высших учебных заведений _2nlr_sh2 _3RU\NLR\AUTH\661542084 |
|
| 606 | 1 |
_aАтомная промышленность _xУправление _jУчебные издания для высших учебных заведений _2nlr_sh1 _2nlr_sh2 _3RU\NLR\AUTH\661397806 |
|
| 686 | 1 | _aЗ817я73-1 | |
| 686 | 1 | _aУ30(0)571.13-21я73 | |
| 701 | 1 |
_aИванов _bА. А. _cканд. экон. наук _gАлексей Андреевич _3RU\NLR\AUTH\770191943 |
|
| 701 | 1 |
_aИванова _bН. Д. _cканд. экон. наук _gНадежда Дмитриевна _3RU\NLR\AUTH\770191945 |
|
| 701 | 1 |
_aЛеонтьев _bН.Я. _gНиколай Яковлевич |
|
| 712 | 0 | 2 |
_aНижегородский государственный технический университет им. Р. Е. Алексеева _3RU\NLR\AUTH\8813523 _4570 |
| 942 | _cBOOK | ||
| 980 | _aNBR | ||
| 980 | _aNB | ||